Evaluation of the quality and accuracy of labelling of selected food products - honey

Výsledky kontroly kvality medov vykonaných Obchodnou inšpekciou v Poľsku. Najčastejšie kvalitatívne chyby a základné nedostatky v označovaní na obaloch a informácie zavádzajúce spotrebiteľov.

Salvato in:
Dettagli Bibliografici
Autore principale: Jarossová, Malgorzata Agnieszka, 1978-
Natura: Capitolo di libro
Lingua:slovacco
Soggetti:
Tags: Aggiungi Tag
Nessun Tag, puoi essere il primo ad aggiungerne!!

MARC

LEADER 00000nla a2200000 4500
001 0180271
005 20240502073052.8
041 0 |a slo 
044 |a SK 
245 1 0 |a Evaluation of the quality and accuracy of labelling of selected food products - honey  |c Malgorzata A. Jarossová 
520 |a Výsledky kontroly kvality medov vykonaných Obchodnou inšpekciou v Poľsku. Najčastejšie kvalitatívne chyby a základné nedostatky v označovaní na obaloch a informácie zavádzajúce spotrebiteľov. 
610 2 0 |a tovar 
610 2 0 |a tovar poľnohospodársky 
610 2 0 |a potravinárstvo 
610 2 0 |a kvalita tovaru 
610 2 0 |a testovanie výrobkov 
610 2 0 |a tovaroznalectvo 
100 1 |a Jarossová, Malgorzata Agnieszka, 1978-